Normal view
MARC view
- شواط، الحسين ، عبد الحق حميش
Entry Personal Name
001 - CONTROL NUMBER
- control field: 29930
003 - CONTROL NUMBER IDENTIFIER
- control field: JO-AjAnu
005 - DATE AND TIME OF LATEST TRANSACTION
- control field: 20230606075044.0
008 - FIXED-LENGTH DATA ELEMENTS
- fixed length control field: 230606|| aca||aabn | a|a d
040 ## - CATALOGING SOURCE
- Original cataloging agency: JO-AjAnu
- Transcribing agency: JO-AjAnu
100 ## - HEADING--PERSONAL NAME
- Personal name: شواط، الحسين ، عبد الحق حميش
670 ## - SOURCE DATA FOUND
- Source citation: Work cat.: (JO-AjAnu)15370: شواط، الحسين ، عبد الحق حميش, author, فقه العقود المالية